Cómo se hace un Museo /

Hlavní autor: Chrobák, Ondřej, 1975-
Korporativní autor: Moravská galerie (Brno, Česko)
Další autoři: Koryčánek, Rostislav, 1972-, Vaněk, Martin, 1982-, Böhm, David, 1982-, Franta, Jiří, 1978-, Gonzalo de Jesús, Patricia, 1978-
Jazyk: Španělština
Vydáno: Madrid : Nórdica Libros, 2020
Vydání: Primera edición
Témata:
Fyzický popis: 61 stran : barevné ilustrace ; 35 cm
Knihy
Uloženo v:
LEADER 02294nam a2200577 i 4500
001 001788637
003 CZ BrMZK
005 20210819063912.0
007 ta
008 210414s2020 sp a c 000 0 spa
020 |a 978-84-18067-91-4  |q (vázáno) 
040 |a BOA001  |b cze  |e rda 
041 1 |a spa  |h cze 
072 7 |a 72/76  |x Výtvarné umění  |2 Konspekt  |9 21 
072 7 |a 0/9-053.2  |x Literatura pro děti a mládež (naučná)  |2 Konspekt  |9 26 
080 |a 72/76:069  |2 MRF 
080 |a 72/76  |2 MRF 
080 |a 72/76:069.5  |2 MRF 
080 |a 72/76:069.9  |2 MRF 
080 |a 7.011:316.72/.75  |2 MRF 
080 |a (0.053.2)  |2 MRF 
100 1 |a Chrobák, Ondřej,  |d 1975-  |7 mzk2006324174  |4 aut 
240 1 0 |a Jak se dělá galerie.  |l Španělsky 
245 1 0 |a Cómo se hace un Museo /  |c authors Ondřej Chrobák, Rostislav Koryčánek, Martin Vaněk, Jan Press ; illustrators David Böhm, Jiří Franta ; de la traducción Patricia Gonzalo de Jésus 
250 |a Primera edición 
264 1 |a Madrid :  |b Nórdica Libros,  |c 2020 
300 |a 61 stran :  |b barevné ilustrace ;  |c 35 cm 
336 |a text  |b txt  |2 rdacontent 
336 |a statický obraz  |b sti  |2 rdacontent 
337 |a bez média  |b n  |2 rdamedia 
338 |a svazek  |b nc  |2 rdacarrier 
500 |a Přeloženo z češtiny 
500 |a Pod názvem: Galería Morava de Brno 
500 |a Některé listy složené 
650 0 7 |a muzea umění  |7 ph123050  |2 czenas 
650 0 7 |a galerie  |7 ph120462  |2 czenas 
650 0 7 |a výtvarné umění  |7 ph116708  |2 czenas 
650 0 7 |a umělecké sbírky  |7 ph135222  |2 czenas 
650 0 7 |a umělecké výstavy  |7 ph135854  |2 czenas 
650 0 7 |a umění a společnost  |7 ph126924  |2 czenas 
655 7 |a publikace pro děti  |7 fd133156  |2 czenas 
700 1 |a Koryčánek, Rostislav,  |d 1972-  |7 xx0010793  |4 aut 
700 1 |a Vaněk, Martin,  |d 1982-  |7 jx20070717021  |4 aut 
700 1 |a Böhm, David,  |d 1982-  |7 jo2007274447  |4 ill 
700 1 |a Franta, Jiří,  |d 1978-  |7 mzk2006342953  |4 ill 
700 1 |a Gonzalo de Jesús, Patricia,  |d 1978-  |7 mzk2012739432  |4 trl 
710 2 |a Moravská galerie (Brno, Česko)  |7 kn20020321233  |4 oth 
910 |a BOA001  |b 4-1464.169 
990 |a BK 
991 |b 202108  |c NOV 
996 7 |b 2610864336  |c 4-1464.169  |l MZK  |r Sklad / do 1 hodiny  |n 2  |p dar  |w 001850554  |u 000010  |a 1  |e BOA001  |j MZK50  |s A